Informačný systém na evidenciu chýb a nových funkcií
Salvato in:
| Autore principale: | |
|---|---|
| Altri autori: | |
| Natura: | Manoscritto Libro |
| Lingua: | slovacco |
| Pubblicazione: |
2016
|
| Soggetti: | |
| Accesso online: | http://is.stuba.sk/zp/portal_zp.pl?podrobnosti=118251 |
| Tags: |
Nessun Tag, puoi essere il primo ad aggiungerne!!
|
MARC
| LEADER | 00000ntm a22000003a 4500 | ||
|---|---|---|---|
| 001 | stuzp55420 | ||
| 003 | SK-STU | ||
| 005 | 20160719154747.0 | ||
| 007 | ta | ||
| 008 | 150427s2015----xo-----f-mn---000-0-slo-d | ||
| 040 | |a STU |b slo | ||
| 041 | 0 | |a slo | |
| 100 | 1 | |a Levák, Martin |u 066000 |k Z4 |4 aut |U MTF Materiálovotechnologická fakulta |T MTF Ústav aplikovanej informatiky, automatizácie a mechatroniky |X 45573 |U M6000 |Y 86 |7 A000045573 | |
| 242 | 0 | 1 | |a Information system for recording of new errors and functions |y eng |
| 245 | 1 | 0 | |a Informačný systém na evidenciu chýb a nových funkcií |
| 260 | |c 2016 | ||
| 650 | 4 | |a web aplikacia |2 slo | |
| 650 | 4 | |a PHP |2 slo | |
| 650 | 4 | |a MySQL |2 slo | |
| 650 | 4 | |a web application |2 eng | |
| 650 | 4 | |a PHP |2 eng | |
| 650 | 4 | |a MySQL |2 eng | |
| 700 | 1 | |a Božek, Pavol |u 066000 |k Z1 |4 ths |U MTF Materiálovotechnologická fakulta |T MTF Ústav aplikovanej informatiky, automatizácie a mechatroniky |X 320 |U M6000 |Y 86 |7 A000000320 | |
| 856 | 4 | |u http://is.stuba.sk/zp/portal_zp.pl?podrobnosti=118251 | |
| 996 | |c M* DP-12958 |l MMSKP |s P |a 0 |w stuzp55420_0001 | ||
| SQL | |a stuzp55420 |b DDP |c SLO |d Informačný systém na evidenciu chýb a nových funkcií |e 45573 |f Levák, Martin |g 066000 |h 320 |i Božek, Pavol |j 20160531 |k 965 |l 06 |m http://is.stuba.sk/zp/portal_zp.pl?podrobnosti=118251 |n I-AIPP |o 5.2.14. automatizácia | ||